000
00207 a2200097 4500
001
45963
100
_a
Snead S
245
_a
Sam snead on golf
260
_a
London
_b
Nicbolas kaye
_c
090
_c
29080
_d
29080
942
_a
NUST-CAE
_c
M
_c
21203
999
_c
281036
_d
281036